| 000 | 00462cam a2200181ua 4500 | ||
|---|---|---|---|
| 001 | 297 | ||
| 008 | 110328n ii |||gr||||Z||||||eng | ||
| 020 | _a019-566319-5 | ||
| 040 | _cMAIN | ||
| 082 | _a301 | ||
| 245 | 1 | 1 |
_aSociology : _bessays on approach & method. / _cBy Andre Beteille. |
| 250 | _a1st. | ||
| 260 |
_aNew Delhi.: _bOxford university., _c2006. |
||
| 300 | _aviii, 286 p.:6 cm. | ||
| 653 | _aSociology. | ||
| 700 | 1 | _aBeteille, Andre., | |
| 942 | _cBK | ||
| 999 |
_c252 _d252 |
||